00618nam a22001695i 4500001000700000003000900007005001700016008004100033040002000074100005000094245006300144250004900207260005500256300004800311650002600359852006300385154123ES-MaACL20250730063137.0050804s1764 ne af | |||||||| ||fre d aCAM bspa cCAM1 aFontenelle, Bernard le Bouyer de, d1657-175710aOeuvres de Monsieur de Fontenelle ... b: tome septième. aNouvelle édition augmentée avec figures. aA Amsterdam : bchez François Changuion, c1764. a[4], 270, [2] p., [1] h. de grab. ; c12º. 4aPluralidad de mundos. aES-MaACLjR-1227-37 z-- Enc. piel x Olim: G-10967-77